African Capitals - Statistics

General Stats
  • This quiz has been taken 17 times
  • The average score is 51 of 54
Answer Stats
capital Country % Correct
Algiers Algeria
100%
Yaounde Cameroon
100%
Praia Cape Verde
100%
Bangui Central African Republic
100%
Moroni Comoros
100%
Djibouti Djibouti
100%
Cairo Egypt
100%
Conakry Guinea
100%
Bissau Guinea Bissau
100%
Nairobi Kenya
100%
Tripoli Libya
100%
Antananarivo Madagascar
100%
Nouakchott Mauritania
100%
Port Louis Mauritius
100%
Rabat Morocco
100%
Windhoek Namibia
100%
Niamey Niger
100%
Abuja Nigeria
100%
Kigali Rwanda
100%
Sao Tome Sao Tome and Principe
100%
Freetown Sierra Leone
100%
Juba South Sudan
100%
Khartoum Sudan
100%
Dodoma Tanzania
100%
Lome Togo
100%
Tunis Tunisia
100%
Harare Zimbabwe
100%
Luanda Angola
94%
Porto Novo Benin
94%
Ouagadougou Burkina Faso
94%
N'Djamena Chad
94%
Malabo Equatorial Guinea
94%
Asmara Eritrea
94%
Mbabane Eswatini
94%
Addis Ababa Ethiopia
94%
Libreville Gabon
94%
Banjul Gambia
94%
Accra Ghana
94%
Maseru Lesotho
94%
Lilongwe Malawi
94%
Bamako Mali
94%
Victoria Seychelles
94%
Mogadishu Somalia
94%
Pretoria South Africa
94%
Lusaka Zambia
94%
Gaborone Botswana
88%
Gitega Burundi
88%
Monrovia Liberia
88%
Maputo Mozambique
88%
Dakar Senegal
88%
Kampala Uganda
88%
Kinshasa Democratic Republic of Congo
81%
Brazzaville Republic of Congo
81%
Yamoussoukro Cote D'Ivore
25%
No matching quizzes found
Score Distribution
Percent of People with Each Score
Percentile by Number Answered
Your Score History
You have not taken this quiz